000 00620cam a2200145 4500500
005 20260329013019.0
041 _afre
042 _adc
100 1 0 _aGruson, Pascale
_eauthor
245 0 0 _aEmmanuelle Loyer - Lévi-Strauss - Flammarion, 2015, Prix Femina Essai, 2015, 910 pages, 32 €. Claude Lévi-Strauss - « Chers tous deux » - Lettres à ses parents 1931-1942. Seuil, 2015, 570 pages. 25 €.
260 _c2016.
500 _a31
786 0 _nÉtudes | Février | 2 | 2016-01-26 | p. XIX-XIX | 0014-1941
856 4 1 _uhttps://shs.cairn.info/revue-etudes-2016-2-page-XIX?lang=fr&redirect-ssocas=7080
999 _c1876451
_d1876451